|
|
|
|
| LEADER |
02111nam a2200505 i 4500 |
| 001 |
EBC1715985 |
| 003 |
MiAaPQ |
| 005 |
20200520144314.0 |
| 006 |
m o d | |
| 007 |
cr cnu|||||||| |
| 008 |
140711t20062006caua ob 001 0 eng d |
| 020 |
|
|
|z 9781576753613
|
| 020 |
|
|
|a 9781626563933
|q (electronic bk.)
|
| 020 |
|
|
|a 9781605091648
|q (electronic bk.)
|
| 035 |
|
|
|a (MiAaPQ)EBC1715985
|
| 035 |
|
|
|a (Au-PeEL)EBL1715985
|
| 035 |
|
|
|a (CaPaEBR)ebr10887190
|
| 035 |
|
|
|a (CaONFJC)MIL620218
|
| 035 |
|
|
|a (OCoLC)881607725
|
| 040 |
|
|
|a MiAaPQ
|b eng
|e rda
|e pn
|c MiAaPQ
|d MiAaPQ
|
| 043 |
|
|
|a n-us---
|
| 050 |
|
4 |
|a HD1289.U6
|b .B376 2006
|
| 082 |
0 |
|
|a 333.2
|2 22
|
| 100 |
1 |
|
|a Barnes, Peter,
|d 1942-
|e author.
|
| 245 |
1 |
0 |
|a Capitalism 3.0 :
|b a guide to reclaiming the commons /
|c Peter Barnes ; Sandra Beris, copy editor ; Richard Adelson, cover designer.
|
| 264 |
|
1 |
|a San Francisco, California :
|b Berrett-Koehler Publishers, Inc.,
|c 2006.
|
| 264 |
|
4 |
|c 2006
|
| 300 |
|
|
|a 1 online resource (216 pages) :
|b illustrations.
|
| 336 |
|
|
|a text
|2 rdacontent
|
| 337 |
|
|
|a computer
|2 rdamedia
|
| 338 |
|
|
|a online resource
|2 rdacarrier
|
| 490 |
1 |
|
|a BK Currents book
|
| 504 |
|
|
|a Includes bibliographical references and index.
|
| 588 |
|
|
|a Description based on print version record.
|
| 590 |
|
|
|a Electronic reproduction. Ann Arbor, MI : ProQuest, 2015. Available via World Wide Web. Access may be limited to ProQuest affiliated libraries.
|
| 650 |
|
0 |
|a Commons
|z United States.
|
| 650 |
|
0 |
|a Privatization
|z United States.
|
| 650 |
|
0 |
|a Capitalism
|z United States.
|
| 655 |
|
4 |
|a Electronic books.
|
| 700 |
1 |
|
|a Beris, Sandra,
|e editor.
|
| 700 |
1 |
|
|a Adelson, Richard,
|e cover designer.
|
| 776 |
0 |
8 |
|i Print version:
|a Barnes, Peter, 1942-
|t Capitalism 3.0 : a guide to reclaiming the commons.
|d San Francisco, California : Berrett-Koehler Publishers, Inc., c2006
|h xviii, 195 pages
|k BK currents book.
|z 9781576753613
|w 2006013322
|
| 797 |
2 |
|
|a ProQuest (Firm)
|
| 830 |
|
0 |
|a BK currents book.
|
| 856 |
4 |
0 |
|u https://ebookcentral.proquest.com/lib/matrademy/detail.action?docID=1715985
|z Click to View
|